<?xml version="1.0" encoding="UTF-8"?>
<record
    xmlns:xsi="http://www.w3.org/2001/XMLSchema-instance"
    xsi:schemaLocation="http://www.loc.gov/MARC21/slim http://www.loc.gov/standards/marcxml/schema/MARC21slim.xsd"
    xmlns="http://www.loc.gov/MARC21/slim">

  <leader>00819nam a2200205Ia 4500</leader>
  <controlfield tag="003">IN-BaIIA</controlfield>
  <controlfield tag="008">211028s9999    xx            000 0 eng d</controlfield>
  <datafield tag="020" ind1=" " ind2=" ">
    <subfield code="a">3-540-61582-2</subfield>
  </datafield>
  <datafield tag="040" ind1=" " ind2=" ">
    <subfield code="c">IIA Library</subfield>
  </datafield>
  <datafield tag="080" ind1=" " ind2=" ">
    <subfield code="a">52-77 (082.2)</subfield>
    <subfield code="b">SCI</subfield>
  </datafield>
  <datafield tag="111" ind1=" " ind2=" ">
    <subfield code="a">European Southern Observatory-IRAM-NFRA-onsala Workshop on Science with Large Millimetre Arrays</subfield>
    <subfield code="c">Germany</subfield>
    <subfield code="d">1995 Dec. 11-13</subfield>
    <subfield code="9">21035</subfield>
  </datafield>
  <datafield tag="245" ind1=" " ind2="0">
    <subfield code="a">Science with large millimetre arrays</subfield>
    <subfield code="b">proceedings of the ESO-IRAM-NFRA-Onsala workshop held in Garching, Germany, 11-13 December 1995</subfield>
    <subfield code="c">edited by Peter A. Shaver</subfield>
  </datafield>
  <datafield tag="260" ind1=" " ind2=" ">
    <subfield code="a">Berlin</subfield>
    <subfield code="b">Springer-Verlag</subfield>
    <subfield code="c">1996</subfield>
  </datafield>
  <datafield tag="300" ind1=" " ind2=" ">
    <subfield code="a">xvii, 408p.</subfield>
  </datafield>
  <datafield tag="490" ind1=" " ind2=" ">
    <subfield code="a">ESO astrophysics symposia</subfield>
  </datafield>
  <datafield tag="650" ind1=" " ind2=" ">
    <subfield code="a">Millimetre stronomy</subfield>
    <subfield code="9">21036</subfield>
  </datafield>
  <datafield tag="700" ind1=" " ind2=" ">
    <subfield code="a">Shaver, Peter A., ed.</subfield>
    <subfield code="9">21037</subfield>
  </datafield>
  <datafield tag="710" ind1=" " ind2=" ">
    <subfield code="a">European Sothern Observatory</subfield>
    <subfield code="9">21038</subfield>
  </datafield>
  <datafield tag="942" ind1=" " ind2=" ">
    <subfield code="c">BK</subfield>
  </datafield>
  <datafield tag="999" ind1=" " ind2=" ">
    <subfield code="c">12084</subfield>
    <subfield code="d">12084</subfield>
  </datafield>
  <datafield tag="952" ind1=" " ind2=" ">
    <subfield code="0">0</subfield>
    <subfield code="1">0</subfield>
    <subfield code="4">0</subfield>
    <subfield code="7">0</subfield>
    <subfield code="a">BAN</subfield>
    <subfield code="b">BAN</subfield>
    <subfield code="c">GEN</subfield>
    <subfield code="d">1997-04-10</subfield>
    <subfield code="g">1056.00</subfield>
    <subfield code="l">0</subfield>
    <subfield code="o">52-77(082.2)/ SCI</subfield>
    <subfield code="p">13000</subfield>
    <subfield code="r">2021-11-05</subfield>
    <subfield code="v">1056.00</subfield>
    <subfield code="w">1997-04-10</subfield>
    <subfield code="y">BK</subfield>
    <subfield code="G">Rs. 1056.00</subfield>
  </datafield>
</record>
